Municipalities of Tibet Autonomous Region - Statistics

General Stats
  • This quiz has been taken 124 times
  • The average score is 5 of 7
Answers on the Map
Answers color-coded by a green-red scale on the quiz's map according to % correct below.
 
Answer Stats
Answer % Correct
Lhasa 拉萨
100%
Nagqu 那曲
72%
Xigazê 日喀则
70%
Qamdo 昌都
67%
Nyingchi 林芝
65%
Ngari 阿里
58%
Shanan 山南
56%
No matching quizzes found
Score Distribution
Percent of People with Each Score
Percentile by Number Answered
Your Score History
You have not taken this quiz